| 000 | 00741nam a2200241Ia 4500 | ||
|---|---|---|---|
| 003 | OSt | ||
| 005 | 20221005034010.0 | ||
| 006 | a|||||r|||| 00| 0 | ||
| 007 | ta | ||
| 008 | 221004b |||||||| |||| 00| 0 pur d | ||
| 020 |
_a818223204X _c110 |
||
| 024 | _a28015 | ||
| 037 |
_b10696, 24/03/2007, Educational Publishing House _cTextual |
||
| 040 |
_aCRL _cCRL _bpur |
||
| 041 |
_2pur _apur |
||
| 082 | _aO164,1G08:g, 168P6 | ||
| 100 |
_aShahid Mukhtar _9179172 |
||
| 245 | 0 | _aAmir Khosro | |
| 260 |
_aDelhi _bEducational India _c2006 |
||
| 650 |
_aPERSIAN LITERATURE _9309 |
||
| 942 |
_hO164,1G08:g, 168P6 _cTEXL _2cc |
||
| 999 |
_c942493 _d942493 |
||